[Event "4MCR_3DW_1L_1S"]
[Site "CR"]
[Date "2011.??.??"]
[Round "?"]
[White "Ressler, Vladimir"]
[Black "Koehler, Josef"]
[Result "1-0"]
[WhiteElo "2314"]
[BlackElo "2161"]
[Annotator "001"]
[PlyCount "51"]
[EventDate "2011.??.??"]
[EventType "corr"]

1. e4 c6 2. d4 d5 3. Nc3 dxe4 4. Nxe4 Bf5 5. Ng3 Bg6 6. h4 h6 7. Nf3 Nd7 8. h5
Bh7 9. Bd3 Bxd3 10. Qxd3 e6 11. Bd2 Qc7 12. O-O-O O-O-O 13. Ne4 Ngf6 14. g3
Nxe4 15. Qxe4 Bd6 16. c4 c5 17. Bc3 Nf6 18. Qe2 cxd4 19. Nxd4 a6 20. Kb1 Kb8
21. Nf3 Kc8 22. Rhg1 Bf4 23. gxf4 Qxf4 24. Ne5 Qf5+ 25. Kc1 Qf4+ 26. Bd2 1-0

[Event "4MCR_3DW_1L_1S"]
[Site "CR"]
[Date "2011.??.??"]
[Round "?"]
[White "Ertl, Lubos"]
[Black "Koehler, Josef"]
[Result "1-0"]
[WhiteElo "2308"]
[BlackElo "2161"]
[Annotator "002"]
[PlyCount "67"]
[EventDate "2011.??.??"]
[EventType "corr"]

1. e4 c6 2. d4 d5 3. e5 Bf5 4. Nf3 e6 5. Be2 Nd7 6. O-O Ne7 7. Nh4 Bg6 8. Nd2
Nf5 9. Nxg6 hxg6 10. Nf3 Be7 11. c3 c5 12. a4 O-O 13. a5 a6 14. Bd2 cxd4 15.
cxd4 Nb8 16. Qa4 Nc6 17. Rfc1 Qb8 18. Bd3 Qa7 19. Bxf5 gxf5 20. Rc3 Rfc8 21. h4
Rc7 22. h5 Bf8 23. g3 g5 24. Bxg5 Kh7 25. Bf6 Bg7 26. g4 Rg8 27. g5 Qb8 28. Qd1
Rh8 29. Qd2 Qe8 30. Kg2 Kg8 31. Rh1 Rh7 32. Nh4 Bxf6 33. gxf6 Kh8 34. Qg5 1-0

[Event "4MCR_3DW_1L_1S"]
[Site "CR"]
[Date "2011.??.??"]
[Round "?"]
[White "Koehler, Josef"]
[Black "Hladecek, Miloslav"]
[Result "0-1"]
[WhiteElo "2161"]
[BlackElo "2412"]
[Annotator "003"]
[PlyCount "130"]
[EventDate "2011.??.??"]
[EventType "corr"]

1. Nf3 Nf6 2. g3 g6 3. Bg2 Bg7 4. c4 c5 5. d4 cxd4 6. Nxd4 Nc6 7. Nc3 O-O 8.
O-O Qb6 9. Nb3 d6 10. Be3 Qa6 11. c5 d5 12. Qd3 Qxd3 13. exd3 Rd8 14. d4 Bf5
15. Rad1 e6 16. h3 h6 17. Rd2 g5 18. g4 Bg6 19. f4 gxf4 20. Rxf4 b6 21. Rff2
Nd7 22. Na4 Rdc8 23. Rfe2 Nb4 24. Bf1 Nxa2 25. Rf2 bxc5 26. Nbxc5 Nf6 27. Ba6
Re8 28. g5 hxg5 29. Bxg5 Ne4 30. Nxe4 dxe4 31. Nc3 Nb4 32. Bb7 Nd3 33. Bxa8
Rxa8 34. Rf6 a5 35. h4 Bxf6 36. Bxf6 Kh7 37. h5 Bf5 38. d5 e3 39. Rg2 Nf4 40.
d6 Nxg2 41. Kxg2 Ra7 42. Kf3 Rd7 43. Be7 e5 44. Kxe3 Rb7 45. Bf6 Rxb2 46. Bxe5
Kh6 47. Bd4 Kxh5 48. Kf4 Bc8 49. Nd5 Rb7 50. Ke4 f5+ 51. Kd3 Kg4 52. Ne3+ Kg5
53. Nd5 a4 54. Be3+ Kg4 55. Bc5 a3 56. Nc3 Rb3 57. Kc2 Be6 58. d7 Rb2+ 59. Kd3
a2 60. d8=Q a1=Q 61. Qd4+ f4 62. Qg1+ Qxg1 63. Bxg1 Bf5+ 64. Kc4 f3 65. Kd4 f2
0-1

[Event "4MCR_3DW_1L_1S"]
[Site "CR"]
[Date "2011.??.??"]
[Round "?"]
[White "Ressler, Vladimir"]
[Black "Hladecek, Miloslav"]
[Result "1/2-1/2"]
[WhiteElo "2314"]
[BlackElo "2412"]
[Annotator "004"]
[PlyCount "78"]
[EventDate "2011.??.??"]
[EventType "corr"]

1. e4 c5 2. Nf3 d6 3. d4 cxd4 4. Nxd4 Nf6 5. Nc3 a6 6. Be3 e5 7. Nb3 Be6 8. f3
Be7 9. Qd2 O-O 10. O-O-O Nbd7 11. g4 b5 12. g5 b4 13. Ne2 Ne8 14. f4 a5 15. f5
a4 16. Nbd4 exd4 17. Nxd4 b3 18. Kb1 bxc2+ 19. Nxc2 Bb3 20. axb3 axb3 21. Na3
Ne5 22. h4 Ra4 23. Bd4 Qa8 24. Qe3 Kh8 25. Bb5 Ra5 26. Be2 f6 27. Rh3 Ra4 28.
Rg3 Rb4 29. Rgg1 Qb7 30. Rc1 d5 31. h5 Nc6 32. Rxc6 Rxd4 33. exd5 Rxd5 34. Re6
Bxa3 35. bxa3 Qa8 36. Kb2 Qd8 37. h6 gxh6 38. g6 Ng7 39. Qxh6 Rd2+ 1/2-1/2

[Event "4MCR_3DW_1L_1S"]
[Site "CR"]
[Date "2011.??.??"]
[Round "?"]
[White "Pravec, Ladislav"]
[Black "Hladecek, Miloslav"]
[Result "1/2-1/2"]
[WhiteElo "2331"]
[BlackElo "2412"]
[Annotator "005"]
[PlyCount "45"]
[EventDate "2011.??.??"]
[EventType "corr"]

1. d4 Nf6 2. c4 e6 3. Nf3 b6 4. g3 Ba6 5. b3 Bb4+ 6. Bd2 Be7 7. Bg2 c6 8. Bc3
d5 9. Nbd2 Nbd7 10. O-O O-O 11. Re1 c5 12. e4 dxc4 13. Nxc4 cxd4 14. Nxd4 Rc8
15. e5 Nd5 16. Bxd5 exd5 17. Nf5 dxc4 18. Qg4 g6 19. Red1 h5 20. Nxe7+ Qxe7 21.
Qxd7 Qxd7 22. Rxd7 Bb5 23. Rd5 1/2-1/2

[Event "4MCR_3DW_1L_1S"]
[Site "CR"]
[Date "2011.??.??"]
[Round "?"]
[White "Canibal, Jaromir"]
[Black "Nepustil, Frantisek"]
[Result "1/2-1/2"]
[WhiteElo "2293"]
[BlackElo "2360"]
[Annotator "006"]
[PlyCount "30"]
[EventDate "2011.??.??"]
[EventType "corr"]

1. e4 c5 2. c3 Nf6 3. e5 Nd5 4. d4 cxd4 5. Nf3 Nc6 6. cxd4 d6 7. Bc4 Nb6 8. Bb5
dxe5 9. Nxe5 Bd7 10. Nxd7 Qxd7 11. Nc3 e6 12. O-O a6 13. Bxc6 Qxc6 14. Be3 Nd5
15. Rc1 Be7 1/2-1/2

[Event "4MCR_3DW_1L_1S"]
[Site "CR"]
[Date "2011.??.??"]
[Round "?"]
[White "Koehler, Josef"]
[Black "Vozda, Jindrich"]
[Result "0-1"]
[WhiteElo "2161"]
[BlackElo "2451"]
[Annotator "007"]
[PlyCount "62"]
[EventDate "2011.??.??"]
[EventType "corr"]

1. Nf3 Nf6 2. g3 b5 3. Bg2 e6 4. d4 d5 5. O-O Bb7 6. Bg5 Nbd7 7. c3 c5 8. Nbd2
Be7 9. a4 b4 10. cxb4 cxb4 11. Nb3 h6 12. Bxf6 Bxf6 13. Qd3 a5 14. Rfc1 Qb6 15.
Qb5 Qxb5 16. axb5 a4 17. Rc7 Bc8 18. Nc1 Kd8 19. Rc2 b3 20. Rc3 Nb6 21. Nd3 Bd7
22. Nde5 Ke7 23. Rc7 Bxe5 24. Nxe5 Rhc8 25. Rb7 a3 26. Rxa3 Rxa3 27. Rxb6 Ra2
28. Rb7 Rxb2 29. Rxd7+ Ke8 30. Bf3 Rd2 31. Rxf7 b2 0-1

[Event "4MCR_3DW_1L_1S"]
[Site "CR"]
[Date "2011.??.??"]
[Round "?"]
[White "Hrdy, Roman"]
[Black "Kudr, Roman"]
[Result "1/2-1/2"]
[WhiteElo "2333"]
[BlackElo "2224"]
[Annotator "008"]
[PlyCount "38"]
[EventDate "2011.??.??"]
[EventType "corr"]

1. d4 Nf6 2. Bg5 d5 3. e3 c5 4. Bxf6 gxf6 5. dxc5 e6 6. c4 dxc4 7. Nc3 Qxd1+ 8.
Rxd1 Bxc5 9. Bxc4 a6 10. Nf3 Nd7 11. Ke2 b5 12. Bd3 Ke7 13. a3 Rb8 14. b4 Ba7
15. Rc1 f5 16. e4 fxe4 17. Bxe4 f5 18. Bc6 Rd8 19. Rhd1 Rb6 1/2-1/2

[Event "4MCR_3DW_1L_1S"]
[Site "CR"]
[Date "2011.??.??"]
[Round "?"]
[White "Koehler, Josef"]
[Black "Canibal, Jaromir"]
[Result "1/2-1/2"]
[WhiteElo "2161"]
[BlackElo "2293"]
[Annotator "009"]
[PlyCount "38"]
[EventDate "2011.??.??"]
[EventType "corr"]

1. Nf3 Nf6 2. g3 g6 3. c4 Bg7 4. Bg2 O-O 5. d4 d5 6. O-O c6 7. cxd5 cxd5 8. Nc3
Nc6 9. Ne5 e6 10. Bg5 h6 11. Nxc6 bxc6 12. Bf4 Ba6 13. Be5 Nd7 14. Bxg7 Kxg7
15. Rc1 Qa5 16. Qd2 Rac8 17. Rfd1 Rfd8 18. e4 Nf6 19. Rc2 dxe4 1/2-1/2

[Event "4MCR_3DW_1L_1S"]
[Site "CR"]
[Date "2011.??.??"]
[Round "?"]
[White "Ertl, Lubos"]
[Black "Ressler, Vladimir"]
[Result "0-1"]
[WhiteElo "2308"]
[BlackElo "2314"]
[Annotator "010 - PCL"]
[PlyCount "38"]
[EventDate "2011.??.??"]
[EventType "corr"]

1. e4 c5 2. Nf3 d6 3. d4 cxd4 4. Nxd4 Nf6 5. Nc3 a6 6. Be3 e5 7. Nb3 Be6 8. f3
Nbd7 9. Qd2 Be7 10. g4 O-O 11. O-O-O b5 12. g5 b4 13. Ne2 Ne8 14. f4 a5 15. f5
a4 16. fxe6 axb3 17. exf7+ Rxf7 18. Kb1 bxc2+ 19. Qxc2 Bxg5 0-1

[Event "4MCR_3DW_1L_1S"]
[Site "CR"]
[Date "2011.??.??"]
[Round "?"]
[White "Ressler, Vladimir"]
[Black "Hrdy, Roman"]
[Result "0-1"]
[WhiteElo "2314"]
[BlackElo "2333"]
[Annotator "011"]
[PlyCount "44"]
[EventDate "2011.??.??"]
[EventType "corr"]

1. e4 c5 2. Nf3 d6 3. d4 cxd4 4. Nxd4 Nf6 5. Nc3 a6 6. Bg5 e6 7. f4 Qc7 8. Bxf6
gxf6 9. Qf3 b5 10. a3 Nc6 11. f5 Nxd4 12. Qd3 Qc5 13. O-O-O Nc6 14. Be2 Rb8 15.
fxe6 fxe6 16. Kb1 b4 17. axb4 Rxb4 18. Na2 Ne5 19. Qh3 Rxe4 20. Nc1 Ke7 21.
Rhe1 Bd7 22. Nd3 Qa5 0-1

[Event "4MCR_3DW_1L_1S"]
[Site "CR"]
[Date "2011.??.??"]
[Round "?"]
[White "Ertl, Lubos"]
[Black "Hrdy, Roman"]
[Result "0-1"]
[WhiteElo "2308"]
[BlackElo "2333"]
[Annotator "012 - PCL"]
[PlyCount "32"]
[EventDate "2011.??.??"]
[EventType "corr"]

1. e4 c5 2. Nf3 d6 3. d4 cxd4 4. Nxd4 Nf6 5. Nc3 a6 6. Be3 e5 7. Nb3 Be6 8. f3
h5 9. Nd5 Bxd5 10. exd5 Nbd7 11. Qd2 Qc7 12. Na5 g6 13. Be2 Bg7 14. O-O-O Nb6
15. Kb1 Nbxd5 16. Bg5 Rd8 0-1

[Event "4MCR_3DW_1L_1S"]
[Site "CR"]
[Date "2011.??.??"]
[Round "?"]
[White "Canibal, Jaromir"]
[Black "Koehler, Josef"]
[Result "1-0"]
[WhiteElo "2293"]
[BlackElo "2161"]
[Annotator "013"]
[PlyCount "35"]
[EventDate "2011.??.??"]
[EventType "corr"]

1. e4 c6 2. d4 d5 3. exd5 cxd5 4. c4 Nf6 5. Nc3 e6 6. Nf3 Be7 7. cxd5 Nxd5 8.
Bd3 Nc6 9. O-O O-O 10. Re1 Bf6 11. Be4 Nce7 12. Ne5 Bd7 13. Qd3 h6 14. Qg3 Bc6
15. Ng4 Ng6 16. Bxg6 Bxd4 17. Nxh6+ gxh6 18. Be4+ 1-0

[Event "4MCR_3DW_1L_1S"]
[Site "CR"]
[Date "2011.??.??"]
[Round "?"]
[White "Ertl, Lubos"]
[Black "Pravec, Ladislav"]
[Result "0-1"]
[WhiteElo "2308"]
[BlackElo "2331"]
[Annotator "014 - PCL"]
[PlyCount "26"]
[EventDate "2011.??.??"]
[EventType "corr"]

1. e4 c5 2. Nf3 Nc6 3. Bb5 g6 4. O-O Bg7 5. c3 Nf6 6. Re1 O-O 7. h3 Qb6 8. Ba4
Rd8 9. c4 d6 10. Nc3 Bd7 11. Rb1 e6 12. d3 a6 13. Bg5 h6 0-1

[Event "4MCR_3DW_1L_1S"]
[Site "CR"]
[Date "2011.??.??"]
[Round "?"]
[White "Koehler, Josef"]
[Black "Pravec, Ladislav"]
[Result "0-1"]
[WhiteElo "2161"]
[BlackElo "2331"]
[Annotator "015"]
[PlyCount "72"]
[EventDate "2011.??.??"]
[EventType "corr"]

1. Nf3 Nf6 2. g3 d5 3. c4 dxc4 4. Qa4+ Nc6 5. Bg2 Bd7 6. Qxc4 e5 7. d3 Be7 8.
O-O O-O 9. Nbd2 Be6 10. Qc2 Nd5 11. a3 a5 12. Ne4 a4 13. Bg5 f6 14. Bd2 Qd7 15.
Rac1 Rfd8 16. Rfe1 Ra6 17. e3 Bg4 18. d4 f5 19. Nc5 Bxc5 20. Qxc5 e4 21. Nh4 g5
22. f3 gxh4 23. fxg4 hxg3 24. gxf5 gxh2+ 25. Kh1 Qxf5 26. Rf1 Qg4 27. Qc2 Re8
28. Qc4 Nce7 29. Rf4 Qg5 30. Qc5 Rg6 31. Rf2 Rf8 32. Rxf8+ Kxf8 33. Rf1+ Kg7
34. Rf2 Qg3 35. Be1 Qxe3 36. Qa5 Nf5 0-1

[Event "4MCR_3DW_1L_1S"]
[Site "CR"]
[Date "2011.??.??"]
[Round "?"]
[White "Pravec, Ladislav"]
[Black "Koehler, Josef"]
[Result "1/2-1/2"]
[WhiteElo "2331"]
[BlackElo "2161"]
[Annotator "016"]
[PlyCount "62"]
[EventDate "2011.??.??"]
[EventType "corr"]

1. d4 Nf6 2. c4 e6 3. Nf3 b6 4. g3 Ba6 5. b3 Bb4+ 6. Bd2 Be7 7. Bg2 c6 8. Bc3
d5 9. Nbd2 Nbd7 10. O-O O-O 11. Re1 c5 12. e4 dxe4 13. Ng5 cxd4 14. Bxd4 Bb7
15. Ndxe4 Qc7 16. Nxf6+ Bxf6 17. Bxf6 Nxf6 18. Bxb7 Qxb7 19. Qf3 Qc7 20. Rad1
Rad8 21. Ne4 Nxe4 22. Rxe4 Qc5 23. Rd3 Rd6 24. Qe3 Rfd8 25. Qxc5 bxc5 26. Rxd6
Rxd6 27. Re5 Rc6 28. Kf1 f6 29. Re2 Kf7 30. Rd2 Ke7 31. Ke2 Rd6 1/2-1/2

[Event "4MCR_3DW_1L_1S"]
[Site "CR"]
[Date "2011.??.??"]
[Round "?"]
[White "Kudr, Roman"]
[Black "Hladecek, Miloslav"]
[Result "1/2-1/2"]
[WhiteElo "2224"]
[BlackElo "2412"]
[Annotator "017"]
[PlyCount "71"]
[EventDate "2011.??.??"]
[EventType "corr"]

1. e4 c5 2. Nf3 d6 3. d4 cxd4 4. Nxd4 Nf6 5. Nc3 a6 6. Be3 e5 7. Nb3 Be6 8. f3
Be7 9. Qd2 O-O 10. O-O-O Nbd7 11. g4 b5 12. g5 b4 13. Ne2 Ne8 14. f4 a5 15. f5
a4 16. Nbd4 exd4 17. Nxd4 b3 18. Kb1 bxc2+ 19. Nxc2 Bb3 20. axb3 axb3 21. Na3
Ne5 22. Qg2 Qb8 23. f6 Bd8 24. h4 Bb6 25. Rh3 Bxe3 26. Rxe3 Ra4 27. Rc1 gxf6
28. Bc4 Nxc4 29. Rxc4 Rxc4 30. Nxc4 Qc8 31. Rxb3 Qxc4 32. gxf6+ Kh8 33. Rb8
Qd3+ 34. Ka2 Qa6+ 35. Kb1 Qd3+ 36. Ka2 1/2-1/2

[Event "4MCR_3DW_1L_1S"]
[Site "CR"]
[Date "2011.??.??"]
[Round "?"]
[White "Vozda, Jindrich"]
[Black "Ertl, Lubos"]
[Result "1-0"]
[WhiteElo "2451"]
[BlackElo "2308"]
[Annotator "018 - PCL"]
[PlyCount "25"]
[EventDate "2011.??.??"]
[EventType "corr"]

1. e4 e5 2. Nf3 Nc6 3. Bb5 a6 4. Ba4 Nf6 5. O-O Be7 6. Re1 b5 7. Bb3 d6 8. c3
O-O 9. h3 Na5 10. Bc2 c5 11. d4 Qc7 12. d5 Nc4 13. b3 1-0

[Event "4MCR_3DW_1L_1S"]
[Site "CR"]
[Date "2011.??.??"]
[Round "?"]
[White "Ertl, Lubos"]
[Black "Vozda, Jindrich"]
[Result "0-1"]
[WhiteElo "2308"]
[BlackElo "2451"]
[Annotator "019 - PCL"]
[PlyCount "24"]
[EventDate "2011.??.??"]
[EventType "corr"]

1. e4 e5 2. Nf3 Nc6 3. Bb5 a6 4. Ba4 Nf6 5. O-O Be7 6. Re1 b5 7. Bb3 Bb7 8. d4
Nxd4 9. Bxf7+ Kf8 10. Bd5 c6 11. Bb3 Nxb3 12. axb3 Qc7 0-1

[Event "4MCR_3DW_1L_1S"]
[Site "CR"]
[Date "2011.??.??"]
[Round "?"]
[White "Pravec, Ladislav"]
[Black "Ertl, Lubos"]
[Result "1-0"]
[WhiteElo "2331"]
[BlackElo "2308"]
[Annotator "020 - PCL"]
[PlyCount "25"]
[EventDate "2011.??.??"]
[EventType "corr"]

1. d4 Nf6 2. c4 e6 3. Nf3 Bb4+ 4. Bd2 Qe7 5. g3 Nc6 6. Nc3 O-O 7. Bg2 d5 8. a3
Bxc3 9. Bxc3 Ne4 10. Qc2 a5 11. b3 Bd7 12. O-O Nxc3 13. Qxc3 1-0

[Event "4MCR_3DW_1L_1S"]
[Site "CR"]
[Date "2011.??.??"]
[Round "?"]
[White "Ertl, Lubos"]
[Black "Nepustil, Frantisek"]
[Result "0-1"]
[WhiteElo "2308"]
[BlackElo "2360"]
[Annotator "021 - PCL"]
[PlyCount "26"]
[EventDate "2011.??.??"]
[EventType "corr"]

1. e4 c5 2. Nf3 Nc6 3. Bb5 e6 4. O-O Nge7 5. c3 a6 6. Ba4 b5 7. Bc2 Bb7 8. Re1
Ng6 9. d4 cxd4 10. cxd4 Rc8 11. Nc3 Na5 12. g3 Nc4 13. Bd3 Bb4 0-1

[Event "4MCR_3DW_1L_1S"]
[Site "CR"]
[Date "2011.??.??"]
[Round "?"]
[White "Nepustil, Frantisek"]
[Black "Ertl, Lubos"]
[Result "1-0"]
[WhiteElo "2360"]
[BlackElo "2308"]
[Annotator "022 - PCL"]
[PlyCount "27"]
[EventDate "2011.??.??"]
[EventType "corr"]

1. e4 e5 2. Nf3 Nc6 3. Bb5 a6 4. Ba4 Nf6 5. O-O Be7 6. Re1 b5 7. Bb3 d6 8. c3
O-O 9. h3 Na5 10. Bc2 c5 11. d4 Qc7 12. Nbd2 cxd4 13. cxd4 Nc6 14. a3 1-0

[Event "4MCR_3DW_1L_1S"]
[Site "CR"]
[Date "2011.??.??"]
[Round "?"]
[White "Canibal, Jaromir"]
[Black "Ertl, Lubos"]
[Result "1-0"]
[WhiteElo "2293"]
[BlackElo "2308"]
[Annotator "023 - PCL"]
[PlyCount "29"]
[EventDate "2011.??.??"]
[EventType "corr"]

1. e4 c5 2. c3 Nc6 3. d4 cxd4 4. cxd4 d5 5. exd5 Qxd5 6. Nf3 e5 7. Nc3 Bb4 8.
Bd2 Bxc3 9. Bxc3 e4 10. Ne5 Nxe5 11. dxe5 Ne7 12. Qe2 O-O 13. Rd1 Qc6 14. Rd6
Qa4 15. b3 1-0

[Event "4MCR_3DW_1L_1S"]
[Site "CR"]
[Date "2011.??.??"]
[Round "?"]
[White "Kudr, Roman"]
[Black "Ertl, Lubos"]
[Result "1-0"]
[WhiteElo "2224"]
[BlackElo "2308"]
[Annotator "024 - PCL"]
[PlyCount "27"]
[EventDate "2011.??.??"]
[EventType "corr"]

1. e4 c5 2. Nf3 Nc6 3. d4 cxd4 4. Nxd4 Nf6 5. Nc3 e5 6. Ndb5 d6 7. Bg5 a6 8.
Na3 b5 9. Bxf6 gxf6 10. Nd5 f5 11. Bd3 Be6 12. O-O Bxd5 13. exd5 Ne7 14. Nxb5
1-0

[Event "4MCR_3DW_1L_1S"]
[Site "CR"]
[Date "2011.??.??"]
[Round "?"]
[White "Ertl, Lubos"]
[Black "Kudr, Roman"]
[Result "0-1"]
[WhiteElo "2308"]
[BlackElo "2224"]
[Annotator "025 - PCL"]
[PlyCount "26"]
[EventDate "2011.??.??"]
[EventType "corr"]

1. e4 e5 2. Nf3 Nc6 3. Bb5 a6 4. Ba4 Nf6 5. O-O Be7 6. Re1 b5 7. Bb3 O-O 8. c3
d6 9. h3 Nb8 10. d4 Nbd7 11. Nbd2 Bb7 12. Bc2 Re8 13. Nf1 Bf8 0-1

[Event "4MCR_3DW_1L_1S"]
[Site "CR"]
[Date "2011.??.??"]
[Round "?"]
[White "Ertl, Lubos"]
[Black "Canibal, Jaromir"]
[Result "0-1"]
[WhiteElo "2308"]
[BlackElo "2224"]
[Annotator "026 - PCL"]
[PlyCount "26"]
[EventDate "2011.??.??"]
[EventType "corr"]

1. e4 e5 2. Nf3 Nc6 3. Bb5 a6 4. Ba4 Nf6 5. O-O Be7 6. Re1 b5 7. Bb3 O-O 8. c3
Bb7 9. d4 d6 10. Nbd2 Re8 11. Nf1 Bf8 12. Ng3 Na5 13. Bc2 g6 0-1

[Event "4MCR_3DW_1L_1S"]
[Site "CR"]
[Date "2011.??.??"]
[Round "?"]
[White "Hladecek, Miloslav"]
[Black "Ertl, Lubos"]
[Result "1-0"]
[WhiteElo "2412"]
[BlackElo "2308"]
[Annotator "027 - PCL"]
[PlyCount "55"]
[EventDate "2011.??.??"]
[EventType "corr"]

1. e4 e5 2. Nf3 Nc6 3. Bb5 a6 4. Ba4 Nf6 5. O-O Be7 6. Re1 b5 7. Bb3 d6 8. c3
O-O 9. h3 Na5 10. Bc2 c5 11. d4 Qc7 12. Nbd2 cxd4 13. cxd4 Nc6 14. Nb3 a5 15.
Be3 a4 16. Nbd2 Nb4 17. Bb1 Bd7 18. a3 Nc6 19. Qe2 Na5 20. Bd3 Qb8 21. Nh4 g6
22. Nhf3 Nh5 23. Rad1 Rc8 24. Nb1 Be6 25. Bxb5 Nc4 26. Bxc4 Bxc4 27. Qd2 Bd8
28. dxe5 1-0

[Event "4MCR_3DW_1L_1S"]
[Site "CR"]
[Date "2011.??.??"]
[Round "?"]
[White "Hladecek, Miloslav"]
[Black "Koehler, Josef"]
[Result "1-0"]
[WhiteElo "2412"]
[BlackElo "2161"]
[Annotator "028"]
[PlyCount "135"]
[EventDate "2011.??.??"]
[EventType "corr"]

1. e4 c6 2. d4 d5 3. Nc3 dxe4 4. Nxe4 Bf5 5. Ng3 Bg6 6. Nf3 Nd7 7. Bd3 Bxd3 8.
Qxd3 e6 9. O-O Ngf6 10. Bf4 Be7 11. c4 h6 12. h3 O-O 13. a3 Qb6 14. Rfe1 Rad8
15. b4 Qa6 16. Nf5 exf5 17. Rxe7 Nd5 18. Bd6 Nxe7 19. Bxe7 Rde8 20. Bxf8 Nxf8
21. Rb1 g6 22. h4 h5 23. b5 cxb5 24. c5 Rd8 25. Qxb5 Qxb5 26. Rxb5 Rd7 27. Ne5
Re7 28. g3 a6 29. Rb4 Ne6 30. f4 f6 31. c6 Nd8 32. d5 bxc6 33. Nxc6 Nxc6 34.
dxc6 Re1+ 35. Kf2 Rc1 36. Rb6 a5 37. Ke3 Kf7 38. Kd4 Ke6 39. a4 Kd6 40. c7+
Kxc7 41. Rxf6 Ra1 42. Rxg6 Rxa4+ 43. Ke5 Rb4 44. Rg7+ Kb6 45. Kxf5 a4 46. Rg8
Kb7 47. Rd8 a3 48. Rd1 Rb3 49. g4 Rb5+ 50. Ke6 hxg4 51. f5 Rb6+ 52. Ke7 Rb3 53.
f6 Re3+ 54. Kd7 Rf3 55. Rb1+ Ka6 56. Ke7 Re3+ 57. Kf8 g3 58. Rg1 a2 59. Ra1 Ra3
60. f7 g2 61. Ke7 Re3+ 62. Kd6 Rf3 63. Rxa2+ Kb5 64. Rxg2 Rxf7 65. h5 Rh7 66.
Rh2 Rh6+ 67. Ke5 Kc5 68. Kf5 1-0

[Event "4MCR_3DW_1L_1S"]
[Site "CR"]
[Date "2011.??.??"]
[Round "?"]
[White "Hrdy, Roman"]
[Black "Ertl, Lubos"]
[Result "1-0"]
[WhiteElo "2333"]
[BlackElo "2308"]
[Annotator "029 - PCL"]
[PlyCount "25"]
[EventDate "2011.??.??"]
[EventType "corr"]

1. d4 Nf6 2. Bg5 e6 3. e4 h6 4. Bxf6 Qxf6 5. c3 c5 6. Nf3 Nc6 7. d5 Ne5 8. Be2
Nxf3+ 9. Bxf3 e5 10. O-O Be7 11. Nd2 O-O 12. a4 d6 13. Bg4 1-0

[Event "4MCR_3DW_1L_1S"]
[Site "CR"]
[Date "2011.??.??"]
[Round "?"]
[White "Kudr, Roman"]
[Black "Canibal, Jaromir"]
[Result "1/2-1/2"]
[WhiteElo "2224"]
[BlackElo "2293"]
[Annotator "030"]
[PlyCount "40"]
[EventDate "2011.??.??"]
[EventType "corr"]

1. e4 e5 2. Nf3 Nc6 3. Bb5 a6 4. Ba4 Nf6 5. O-O Be7 6. Re1 b5 7. Bb3 O-O 8. c3
Bb7 9. d4 d6 10. h3 Re8 11. Nbd2 Bf8 12. a4 h6 13. Bc2 exd4 14. cxd4 Nb4 15.
Bb1 c5 16. b3 c4 17. bxc4 bxc4 18. Nxc4 Bxe4 19. Ba3 d5 20. Ne3 Bxf3 1/2-1/2

[Event "4MCR_3DW_1L_1S"]
[Site "CR"]
[Date "2011.??.??"]
[Round "?"]
[White "Hrdy, Roman"]
[Black "Pravec, Ladislav"]
[Result "1/2-1/2"]
[WhiteElo "2333"]
[BlackElo "2331"]
[Annotator "031"]
[PlyCount "71"]
[EventDate "2011.??.??"]
[EventType "corr"]

1. d4 Nf6 2. Bg5 Ne4 3. Bf4 c5 4. f3 Qa5+ 5. c3 Nf6 6. d5 Qb6 7. Bc1 g6 8. e4
d6 9. c4 Bg7 10. Ne2 Bd7 11. Nbc3 O-O 12. Nf4 Na6 13. Be2 Ne8 14. O-O Bd4+ 15.
Kh1 Nf6 16. Nb5 Bxb5 17. cxb5 Nb8 18. a4 Nbd7 19. a5 Qc7 20. Nd3 b6 21. a6 Rac8
22. Ne1 Ne8 23. Ra4 Bg7 24. Qb3 Ndf6 25. Bc4 Qd7 26. Nd3 Nc7 27. Nf4 Qe8 28.
Ra1 Nd7 29. Nd3 e6 30. Re1 Qe7 31. Bd2 exd5 32. exd5 Qf6 33. Bf4 Rfe8 34. Bg3
Rxe1+ 35. Rxe1 Re8 36. Rxe8+ 1/2-1/2

[Event "4MCR_3DW_1L_1S"]
[Site "CR"]
[Date "2011.??.??"]
[Round "?"]
[White "Ressler, Vladimir"]
[Black "Ertl, Lubos"]
[Result "1-0"]
[WhiteElo "2314"]
[BlackElo "2308"]
[Annotator "032 - PCL"]
[PlyCount "41"]
[EventDate "2011.??.??"]
[EventType "corr"]

1. e4 e5 2. Nf3 Nc6 3. Bb5 a6 4. Ba4 Nf6 5. O-O Be7 6. Re1 b5 7. Bb3 d6 8. c3
O-O 9. h3 Na5 10. Bc2 c5 11. d4 Qc7 12. Nbd2 cxd4 13. cxd4 Nc6 14. Nb3 a5 15.
Be3 a4 16. Nbd2 Nb4 17. Bb1 Bd7 18. a3 Nc6 19. Bd3 Na5 20. Rc1 Qb8 21. Qe2 1-0

[Event "4MCR_3DW_1L_1S"]
[Site "CR"]
[Date "2011.??.??"]
[Round "?"]
[White "Ertl, Lubos"]
[Black "Hladecek, Miloslav"]
[Result "0-1"]
[WhiteElo "2308"]
[BlackElo "2412"]
[Annotator "033 - PCL"]
[PlyCount "76"]
[EventDate "2011.??.??"]
[EventType "corr"]

1. e4 c5 2. Nf3 d6 3. d4 cxd4 4. Nxd4 Nf6 5. Nc3 a6 6. Be3 e5 7. Nb3 Be6 8. f3
Be7 9. Qd2 O-O 10. O-O-O Nbd7 11. g4 b5 12. g5 b4 13. Ne2 Ne8 14. f4 a5 15. f5
a4 16. Nbd4 exd4 17. Nxd4 b3 18. Kb1 bxc2+ 19. Nxc2 Bb3 20. axb3 axb3 21. Na3
Ne5 22. h4 Ra4 23. Qg2 Qa8 24. Bd4 Nc7 25. f6 Bd8 26. fxg7 Kxg7 27. Bc4 Rxc4
28. Nxc4 Qa2+ 29. Kc1 Ne6 30. Bc3 Kg8 31. Qe2 Qa6 32. Bxe5 dxe5 33. Qd3 Nd4 34.
Na3 Qa8 35. g6 hxg6 36. h5 g5 37. h6 Be7 38. Kb1 Bxa3 0-1

[Event "4MCR_3DW_1L_1S"]
[Site "CR"]
[Date "2011.??.??"]
[Round "?"]
[White "Kudr, Roman"]
[Black "Pravec, Ladislav"]
[Result "1/2-1/2"]
[WhiteElo "2224"]
[BlackElo "2331"]
[Annotator "034"]
[PlyCount "52"]
[EventDate "2011.??.??"]
[EventType "corr"]

1. e4 c5 2. Nf3 Nc6 3. d4 cxd4 4. Nxd4 Nf6 5. Nc3 e5 6. Ndb5 d6 7. Bg5 a6 8.
Na3 b5 9. Bxf6 gxf6 10. Nd5 f5 11. Bd3 Be6 12. O-O Bxd5 13. exd5 Ne7 14. Nxb5
Bg7 15. Nc3 e4 16. Bc4 Qc7 17. Qe2 Bxc3 18. bxc3 O-O 19. a4 Kh8 20. Rab1 Rg8
21. Kh1 Qc5 22. Rfd1 Ng6 23. Bxa6 Qxc3 24. Rb3 Qf6 25. Rg1 Ne5 26. Rh3 Rg6
1/2-1/2

[Event "4MCR_3DW_1L_1S"]
[Site "CR"]
[Date "2011.??.??"]
[Round "?"]
[White "Pravec, Ladislav"]
[Black "Kudr, Roman"]
[Result "1/2-1/2"]
[WhiteElo "2331"]
[BlackElo "2224"]
[Annotator "035"]
[PlyCount "44"]
[EventDate "2011.??.??"]
[EventType "corr"]

1. d4 Nf6 2. c4 e6 3. Nf3 d5 4. Nc3 c6 5. e3 Nbd7 6. Bd3 dxc4 7. Bxc4 b5 8. Bd3
Bb7 9. O-O a6 10. e4 c5 11. d5 Qc7 12. dxe6 fxe6 13. Bc2 c4 14. Nd4 Nc5 15. Be3
e5 16. Nf5 g6 17. Bg5 Ncxe4 18. Nxe4 Nxe4 19. Bxe4 Bxe4 20. Nh6 Bxh6 21. Bxh6
Bd3 22. Re1 O-O-O 1/2-1/2